[Event "Vesterhavs B-Gruppe"]
[Site "Esbjerg"]
[Date "2003.07.04"]
[Round "1"]
[White "Vovk, Oksana"]
[Black "Skytte, Rasmus"]
[Result "0-1"]
[WhiteElo "2107"]
[BlackElo "2404"]
[PlyCount "68"]
[EventDate "2003.07.04"]
[EventType "tourn"]
[EventRounds "9"]
[EventCountry "DEN"]

1. Nf3 d6 2. d4 Bg4 3. e4 Nf6 4. Bd3 e6 5. c3 Be7 6. Be3 Nbd7 7. Nbd2 Bh5 8. h3
Bg6 9. Qc2 c6 10. O-O e5 11. Rfe1 Nh5 12. g3 O-O 13. Rad1 Qc7 14. g4 Nhf6 15.
Bg5 Rae8 16. dxe5 dxe5 17. Nc4 h5 18. Bxf6 Bxf6 19. Bf1 hxg4 20. hxg4 Be7 21.
Bh3 b5 22. g5 Rd8 23. Rxd7 Rxd7 24. Bxd7 bxc4 25. Bg4 Rd8 26. Qa4 Rb8 27. Re2
Qd6 28. Qxc4 Qd1+ 29. Kg2 Qc1 30. Re1 Qf4 31. Bh3 Rxb2 32. Qxc6 Bh5 33. Qc8+
Bf8 34. Re3 Qxe3 0-1

[Event "Vesterhavs B-Gruppe"]
[Site "Esbjerg"]
[Date "2003.07.04"]
[Round "1"]
[White "Bromann, Thorbjorn"]
[Black "Kasparov, Sergey"]
[Result "1/2-1/2"]
[WhiteElo "2360"]
[BlackElo "2482"]
[PlyCount "117"]
[EventDate "2003.07.04"]
[EventType "tourn"]
[EventRounds "9"]
[EventCountry "DEN"]

1. e4 c6 2. d4 d5 3. e5 Bf5 4. h4 h5 5. c4 e6 6. Nc3 dxc4 7. Bxc4 Nd7 8. Bg5
Be7 9. Qd2 Nb6 10. Bb3 Qd7 11. Nge2 O-O-O 12. Ng3 Bg6 13. Rd1 Bxg5 14. hxg5 Ne7
15. Nge4 Nf5 16. Rh3 Kb8 17. Qf4 Qc7 18. Rhd3 Ne7 19. R3d2 Rhf8 20. Nc5 Ned5
21. Nxd5 Nxd5 22. Bxd5 cxd5 23. Rc1 Qe7 24. a3 Rc8 25. Rdd1 Ka8 26. Qd2 b6 27.
Na6 Qb7 28. Nb4 Qd7 29. Nd3 Bxd3 30. Qxd3 Kb7 31. Qd2 g6 32. Rxc8 Rxc8 33. Rc1
Rc4 34. b3 Rc6 35. g3 Qc7 36. Rxc6 Qxc6 37. Ke2 a5 38. a4 Kc7 39. Kd3 Kd7 40.
Qc3 Qb7 41. b4 b5 42. Qc5 bxa4 43. Qxa5 Qc6 44. Qa7+ Ke8 45. Qb8+ Ke7 46. Qa7+
Ke8 47. Qc5 Qa6+ 48. b5 Qa5 49. b6 Qa6+ 50. Ke3 a3 51. Qc7 a2 52. Qb8+ Ke7 53.
b7 Qa3+ 54. Ke2 Qb2+ 55. Kf3 a1=Q 56. Qd6+ Ke8 57. b8=Q+ Qxb8 58. Qxb8+ Ke7 59.
Qb4+ 1/2-1/2

[Event "Vesterhavs B-Gruppe"]
[Site "Esbjerg"]
[Date "2003.07.04"]
[Round "1"]
[White "Mikkelsen, Nikolaj"]
[Black "Berkvens, Joost"]
[Result "0-1"]
[WhiteElo "2104"]
[BlackElo "2459"]
[PlyCount "94"]
[EventDate "2003.07.04"]
[EventType "tourn"]
[EventRounds "9"]
[EventCountry "DEN"]

1. e4 c5 2. Nf3 Nc6 3. d4 cxd4 4. Nxd4 Nf6 5. Nc3 d6 6. Be2 e5 7. Nf3 h6 8. O-O
Be6 9. Re1 Be7 10. h3 O-O 11. Bf1 Nb8 12. b3 a6 13. a4 Nbd7 14. Bb2 Re8 15. Nd2
Qc7 16. a5 Nc5 17. Nc4 Qc6 18. Qf3 Rad8 19. Rad1 Qc7 20. Nd5 Nxd5 21. exd5 Bc8
22. Qg3 Bf6 23. b4 Nd7 24. Bc1 Kh8 25. Be3 Re7 26. Bd3 Rde8 27. Bb6 Nxb6 28.
axb6 Qd8 29. Qf3 Bg5 30. g4 Bf4 31. Rb1 Rf8 32. Bf5 Bxf5 33. gxf5 Rd7 34. Kh1
Qf6 35. Ne3 Rc8 36. Ng2 Bg5 37. Qe4 Rc3 38. Kh2 Qd8 39. h4 Bf4+ 40. Nxf4 Qxh4+
41. Kg1 exf4 42. f6 Qg5+ 43. Kh2 Qh5+ 44. Kg1 f3 45. fxg7+ Kxg7 46. Qd4+ Kh7
47. Qf4 Rc4 0-1

[Event "Vesterhavs B-Gruppe"]
[Site "Esbjerg"]
[Date "2003.07.04"]
[Round "1"]
[White "Hovmoller, Kristian"]
[Black "Hunt, Adam"]
[Result "0-1"]
[WhiteElo "2302"]
[BlackElo "2395"]
[PlyCount "94"]
[EventDate "2003.07.04"]
[EventType "tourn"]
[EventRounds "9"]
[EventCountry "DEN"]

1. d4 Nf6 2. c4 g6 3. Nc3 Bg7 4. e4 d6 5. f3 O-O 6. Be3 Nc6 7. Nge2 Rb8 8. Qd2
Re8 9. Nc1 e5 10. d5 Nd4 11. Nb3 c5 12. dxc6 bxc6 13. Nxd4 exd4 14. Bxd4 d5 15.
cxd5 cxd5 16. e5 Nh5 17. f4 f6 18. O-O-O Bh6 19. Be3 d4 20. Bc4+ Kh8 21. Bxd4
Bxf4 22. Qxf4 Nxf4 23. exf6 h5 24. f7+ Kh7 25. fxe8=Q Qxe8 26. Rhe1 Be6 27. Be5
Rc8 28. Ba6 Rc6 29. Bb5 Rxc3+ 30. bxc3 Qxb5 31. Bxf4 Qc4 32. Be5 Qxa2 33. Bf6
Bf5 34. Re7+ Kh6 35. Bg7+ Kg5 36. h4+ Kxh4 37. Rd4+ Kg5 38. Kd1 Bg4+ 39. Ke1
Qxg2 40. Re5+ Bf5 41. Rd2 Qg1+ 42. Ke2 h4 43. Rd6 h3 44. Bf6+ Kg4 45. Ra6 Qg2+
46. Ke3 Qg3+ 47. Ke2 Qd3+ 0-1

[Event "Vesterhavs B-Gruppe"]
[Site "Esbjerg"]
[Date "2003.07.05"]
[Round "2"]
[White "Hunt, Harriet"]
[Black "Vovk, Oksana"]
[Result "1-0"]
[WhiteElo "2402"]
[BlackElo "2107"]
[PlyCount "95"]
[EventDate "2003.07.04"]
[EventType "tourn"]
[EventRounds "9"]
[EventCountry "DEN"]

1. e4 e6 2. d4 d5 3. Nc3 Nf6 4. Bg5 Bb4 5. e5 h6 6. Bd2 Bxc3 7. bxc3 Ne4 8. Qg4
g6 9. Bd3 Nxd2 10. Kxd2 c5 11. Nf3 Bd7 12. dxc5 Qe7 13. Rhb1 Bc6 14. Nd4 Nd7
15. Nb5 O-O 16. Qf4 Qxc5 17. Nd4 Kg7 18. h4 Rac8 19. h5 g5 20. Qg3 Ba4 21. Be2
b6 22. Rb4 Qe7 23. f4 Nc5 24. Bd3 Bd7 25. fxg5 Qxg5+ 26. Qxg5+ hxg5 27. Rf1 f5
28. exf6+ Rxf6 29. Nf3 Nxd3 30. cxd3 Kh6 31. Rh1 Rcf8 32. Ne5 Rf2+ 33. Ke3 Rxa2
34. Nxd7 Rff2 35. g3 Rae2+ 36. Kd4 Rf3 37. Ne5 Rxg3 38. c4 dxc4 39. Rxc4 Rf2
40. Kc3 Rf5 41. Ng4+ Kh7 42. h6 Rf7 43. Re1 b5 44. Rd4 Re7 45. Re5 Kg6 46. Kb4
a6 47. Kc5 Kh5 48. h7 1-0

[Event "Vesterhavs B-Gruppe"]
[Site "Esbjerg"]
[Date "2003.07.05"]
[Round "2"]
[White "Berkvens, Joost"]
[Black "Hovmoller, Kristian"]
[Result "1-0"]
[WhiteElo "2459"]
[BlackElo "2302"]
[PlyCount "65"]
[EventDate "2003.07.04"]
[EventType "tourn"]
[EventRounds "9"]
[EventCountry "DEN"]

1. c4 Nf6 2. Nc3 c5 3. Nf3 d5 4. cxd5 Nxd5 5. d4 e6 6. e4 Nxc3 7. bxc3 cxd4 8.
cxd4 Be7 9. Be2 O-O 10. O-O b6 11. Bf4 Bb7 12. Qd3 Nc6 13. a3 Bd6 14. Bg5 Be7
15. Be3 Rc8 16. Rad1 Na5 17. d5 exd5 18. exd5 Nc4 19. Bc1 b5 20. Nd4 Qb6 21.
Nf5 Bf6 22. Qg3 Kh8 23. d6 Be4 24. Bd3 Bxd3 25. Rxd3 Rcd8 26. Bg5 Rg8 27. Nh6
Rgf8 28. Bxf6 gxf6 29. Rfd1 Ne5 30. Qf4 Nd7 31. Rh3 Rde8 32. Nf5 Re2 33. Rxh7+
1-0

[Event "Vesterhavs B-Gruppe"]
[Site "Esbjerg"]
[Date "2003.07.05"]
[Round "2"]
[White "Kasparov, Sergey"]
[Black "Mikkelsen, Nikolaj"]
[Result "1/2-1/2"]
[WhiteElo "2482"]
[BlackElo "2104"]
[PlyCount "98"]
[EventDate "2003.07.04"]
[EventType "tourn"]
[EventRounds "9"]
[EventCountry "DEN"]

1. e4 c5 2. Nf3 d6 3. d4 cxd4 4. Nxd4 Nf6 5. f3 e5 6. Nb3 d5 7. Bg5 Be6 8. Bxf6
gxf6 9. exd5 Qxd5 10. Qxd5 Bxd5 11. Nc3 Be6 12. O-O-O Nd7 13. Nb5 Kd8 14. Bd3
f5 15. Na5 Rb8 16. Bc4 Bb4 17. Bxe6 fxe6 18. Nc4 Ke7 19. a3 Bc5 20. Rhe1 Rhd8
21. Nxe5 Nxe5 22. Rxe5 Rxd1+ 23. Kxd1 Rd8+ 24. Ke1 Bg1 25. h3 a6 26. Nc3 Bd4
27. Re2 Bxc3+ 28. bxc3 h5 29. g3 b5 30. Re3 Rg8 31. Kf2 Rc8 32. Ke2 Rg8 33. f4
Rc8 34. Kf3 Rc4 35. g4 hxg4+ 36. hxg4 fxg4+ 37. Kxg4 Kf6 38. Rh3 Kg6 39. Rd3
Kf6 40. Rd6 Rxc3 41. Rxa6 Rxc2 42. Ra5 Ra2 43. Kf3 e5 44. fxe5+ Kxe5 45. Rxb5+
Kd4 46. Ra5 Kc4 47. Ke3 Kb3 48. Kd3 Rxa3 49. Rxa3+ Kxa3 1/2-1/2

[Event "Vesterhavs B-Gruppe"]
[Site "Esbjerg"]
[Date "2003.07.05"]
[Round "2"]
[White "Pedersen, Christian Kyndel"]
[Black "Hunt, Adam"]
[Result "1/2-1/2"]
[WhiteElo "2271"]
[BlackElo "2395"]
[PlyCount "35"]
[EventDate "2003.07.04"]
[EventType "tourn"]
[EventRounds "9"]
[EventCountry "DEN"]

1. d4 Nf6 2. c4 g6 3. Nc3 Bg7 4. e4 O-O 5. Nf3 d6 6. Be2 e5 7. O-O exd4 8. Nxd4
Re8 9. f3 Nc6 10. Be3 Nh5 11. Nxc6 bxc6 12. Qd2 f5 13. exf5 Bxf5 14. g4 Bxc3
15. bxc3 Qe7 16. Kf2 Qh4+ 17. Kg1 Qe7 18. Kf2 1/2-1/2

[Event "Vesterhavs B-Gruppe"]
[Site "Esbjerg"]
[Date "2003.07.06"]
[Round "3"]
[White "Vovk, Oksana"]
[Black "Pedersen, Christian Kyndel"]
[Result "0-1"]
[WhiteElo "2107"]
[BlackElo "2271"]
[PlyCount "88"]
[EventDate "2003.07.04"]
[EventType "tourn"]
[EventRounds "9"]
[EventCountry "DEN"]

1. d4 Nf6 2. Nf3 g6 3. c4 Bg7 4. Nc3 O-O 5. Bg5 h6 6. Bh4 c5 7. e3 g5 8. Bg3 d5
9. dxc5 Qa5 10. Qa4 Qxa4 11. Nxa4 Ne4 12. Rc1 Bd7 13. Nc3 Nxc3 14. bxc3 dxc4
15. Bxc4 Rc8 16. Be5 Rxc5 17. Bxg7 Kxg7 18. Bb3 a5 19. a3 a4 20. Ba2 Nc6 21.
O-O Na5 22. Rfd1 Bb5 23. Rd5 Rac8 24. Rxc5 Rxc5 25. Nd4 Bd3 26. f4 Bc4 27. Bb1
e6 28. Kf2 Nb3 29. Rd1 Ba6 30. Ne2 Bxe2 31. Kxe2 Rxc3 32. Be4 Nc5 33. Rd4 Rxa3
34. Rb4 Nxe4 35. Rxe4 b5 36. fxg5 hxg5 37. Rb4 Rb3 38. Rxb3 axb3 39. Kd2 Kf6
40. Kc3 Kf5 41. Kxb3 Ke4 42. Kb4 Kxe3 43. Kxb5 Kf2 44. g3 g4 0-1

[Event "Vesterhavs B-Gruppe"]
[Site "Esbjerg"]
[Date "2003.07.06"]
[Round "3"]
[White "Bromann, Thorbjorn"]
[Black "Hunt, Harriet"]
[Result "0-1"]
[WhiteElo "2360"]
[BlackElo "2402"]
[PlyCount "72"]
[EventDate "2003.07.04"]
[EventType "tourn"]
[EventRounds "9"]
[EventCountry "DEN"]

1. e4 c5 2. Nf3 d6 3. d4 cxd4 4. Qxd4 Nc6 5. Bb5 Bd7 6. Bxc6 Bxc6 7. c4 Nf6 8.
Nc3 g6 9. O-O Bg7 10. Bg5 O-O 11. Qd3 h6 12. Bh4 Nd7 13. Rfe1 Re8 14. Nd2 Rc8
15. Rac1 Qa5 16. Qe3 Qh5 17. Bg3 a6 18. b3 b5 19. Ne2 Qc5 20. Qd3 Ne5 21. Bxe5
Qxe5 22. Nc3 e6 23. cxb5 axb5 24. Nf3 Qc5 25. Ne2 Qa3 26. Nfd4 Bxd4 27. Qxd4 e5
28. Qb6 Bxe4 29. Qxb5 Qxa2 30. Ng3 Ba8 31. Rc7 Rxc7 32. Qxe8+ Kg7 33. Rxe5 Bc6
34. Qb8 Qa1+ 35. Nf1 dxe5 36. Qxc7 Bb5 0-1

[Event "Vesterhavs B-Gruppe"]
[Site "Esbjerg"]
[Date "2003.07.06"]
[Round "3"]
[White "Mikkelsen, Nikolaj"]
[Black "Skytte, Rasmus"]
[Result "1/2-1/2"]
[WhiteElo "2104"]
[BlackElo "2404"]
[PlyCount "93"]
[EventDate "2003.07.04"]
[EventType "tourn"]
[EventRounds "9"]
[EventCountry "DEN"]

1. e4 g6 2. d4 Bg7 3. Nc3 d6 4. Be3 a6 5. a4 b6 6. g3 Bb7 7. Bg2 Nd7 8. Nge2 c5
9. O-O cxd4 10. Nxd4 Rb8 11. g4 Ngf6 12. g5 Nh5 13. Bf3 e5 14. Nde2 Nf4 15.
Qxd6 Nh3+ 16. Kh1 Nxg5 17. Bxg5 Qxg5 18. Rad1 Rd8 19. Nd5 Bxd5 20. Rxd5 Qf6 21.
Bg4 Qxd6 22. Rxd6 Nf6 23. Rxd8+ Kxd8 24. f3 Kc7 25. Rd1 Rd8 26. Rxd8 Kxd8 27.
Nc3 Bh6 28. Kg2 Bc1 29. b3 Bd2 30. Nb1 Bf4 31. Na3 Kc7 32. Nc4 Ng8 33. h4 Ne7
34. a5 b5 35. Nb2 Nc6 36. Nd3 h5 37. Bh3 Nxa5 38. Nb4 Nc6 39. Nxa6+ Kb6 40. Bd7
Kxa6 41. Bxc6 b4 42. Be8 g5 43. Bxf7 gxh4 44. Bxh5 Kb6 45. Bg4 Kc5 46. Kf2 Kd4
47. Ke2 1/2-1/2

[Event "Vesterhavs B-Gruppe"]
[Site "Esbjerg"]
[Date "2003.07.06"]
[Round "3"]
[White "Hovmoller, Kristian"]
[Black "Kasparov, Sergey"]
[Result "0-1"]
[WhiteElo "2302"]
[BlackElo "2482"]
[PlyCount "118"]
[EventDate "2003.07.04"]
[EventType "tourn"]
[EventRounds "9"]
[EventCountry "DEN"]

1. d4 Nf6 2. c4 c5 3. d5 b5 4. cxb5 a6 5. b6 d6 6. Nc3 Nbd7 7. e4 g6 8. Nf3 Bg7
9. Nd2 O-O 10. Be2 Nxb6 11. a4 Rb8 12. O-O Ne8 13. Ra3 Nc7 14. Bd3 f5 15. a5
Nd7 16. exf5 Ne5 17. Be2 Bxf5 18. Nc4 Nxc4 19. Bxc4 Nb5 20. Nxb5 axb5 21. Bd3
Qd7 22. b3 Ra8 23. Qe2 Bxd3 24. Qxd3 Ra7 25. Re1 Qf5 26. Qxf5 Rxf5 27. Rd1 Bc3
28. a6 Rf8 29. Bg5 Rfa8 30. g3 Kf7 31. Rd3 Bf6 32. Bxf6 Kxf6 33. Ra5 b4 34. Re3
Rxa6 35. Rb5 R6a7 36. Kg2 Rc7 37. Re6+ Kg7 38. Re3 Rca7 39. h4 h5 40. Rb6 Rf8
41. f4 Rf5 42. Rd3 Ra2+ 43. Kf3 Rc2 44. Ke4 Re2+ 45. Kf3 Ree5 46. Rb7 Kf8 47.
Rb8+ Kf7 48. Rb7 Rxd5 49. Re3 Rde5 50. Rxe5 dxe5 51. Ke4 exf4 52. gxf4 Kf6 53.
Rc7 e6 54. Rd7 Rd5 55. Rxd5 exd5+ 56. Kxd5 Kf5 57. Kxc5 Kxf4 58. Kxb4 g5 59.
hxg5 Kxg5 0-1

[Event "Vesterhavs B-Gruppe"]
[Site "Esbjerg"]
[Date "2003.07.06"]
[Round "3"]
[White "Hunt, Adam"]
[Black "Berkvens, Joost"]
[Result "1/2-1/2"]
[WhiteElo "2395"]
[BlackElo "2459"]
[PlyCount "94"]
[EventDate "2003.07.04"]
[EventType "tourn"]
[EventRounds "9"]
[EventCountry "DEN"]

1. e4 c5 2. Nf3 Nc6 3. d4 cxd4 4. Nxd4 Nf6 5. Nc3 e5 6. Ndb5 d6 7. Bg5 a6 8.
Na3 b5 9. Bxf6 gxf6 10. Nd5 f5 11. c3 Bg7 12. exf5 Bxf5 13. Nc2 O-O 14. Nce3
Be6 15. g3 f5 16. Bg2 f4 17. Nc2 Bf5 18. Nxf4 exf4 19. Bxc6 Qe7+ 20. Kf1 Bh3+
21. Kg1 Rac8 22. Bf3 Rc5 23. Nd4 Rg5 24. Bg2 Qd7 25. Qf1 Bxd4 26. cxd4 Bxg2 27.
Qxg2 f3 28. Qf1 Rg4 29. Rd1 Re4 30. h4 Rfe8 31. h5 Re2 32. Rh4 Qe6 33. Rf4 Rf8
34. d5 Qe5 35. Rxf8+ Kxf8 36. Qh3 Rxf2 37. Qc8+ Kg7 38. Qd7+ Kh6 39. Qe6+ Qxe6
40. dxe6 Re2 41. Rxd6 Kxh5 42. Rxa6 Kg4 43. Ra7 Kxg3 44. Rg7+ Kf4 45. Rf7+ Kg4
46. e7 h5 47. Rg7+ Kf5 1/2-1/2

[Event "Vesterhavs B-Gruppe"]
[Site "Esbjerg"]
[Date "2003.07.07"]
[Round "4"]
[White "Hunt, Harriet"]
[Black "Mikkelsen, Nikolaj"]
[Result "1/2-1/2"]
[WhiteElo "2402"]
[BlackElo "2104"]
[PlyCount "125"]
[EventDate "2003.07.04"]
[EventType "tourn"]
[EventRounds "9"]
[EventCountry "DEN"]

1. e4 c5 2. Nf3 d6 3. d4 cxd4 4. Nxd4 Nf6 5. Nc3 a6 6. Be2 e6 7. O-O Be7 8. a4
Qc7 9. Kh1 O-O 10. f4 b6 11. Bf3 Bb7 12. Qe2 Nc6 13. Nb3 Rfd8 14. g4 d5 15. e5
Nd7 16. Qf2 Nc5 17. Be3 Na5 18. Nxa5 bxa5 19. Rad1 Ne4 20. Nxe4 dxe4 21. Bg2
Rxd1 22. Rxd1 Rc8 23. b3 h5 24. gxh5 Qxc2 25. Qxc2 Rxc2 26. Rd7 Bc6 27. Rxe7
Re2 28. Rc7 Rxe3 29. Rxc6 Re1+ 30. Bf1 Rxf1+ 31. Kg2 Rxf4 32. Rc4 f5 33. exf6
gxf6 34. Rc6 e5 35. Rxa6 e3 36. Rc6 e2 37. Rc1 Rb4 38. Re1 Rxb3 39. Rxe2 Rb4
40. Ra2 Kg7 41. Kg3 Kh6 42. Rf2 Kg5 43. h4+ Rxh4 44. Rxf6 Rg4+ 45. Kh3 Rh4+ 46.
Kg3 Rxa4 47. Re6 Kf5 48. Re8 Rg4+ 49. Kh3 Rg1 50. Rf8+ Ke4 51. Ra8 Kf3 52. Rf8+
Ke3 53. Ra8 e4 54. Rxa5 Kf3 55. Rf5+ Ke2 56. Kh4 e3 57. h6 Kd3 58. Kh5 e2 59.
Re5 e1=Q 60. Rxe1 Rxe1 61. h7 Rh1+ 62. Kg6 Rxh7 63. Kxh7 1/2-1/2

[Event "Vesterhavs B-Gruppe"]
[Site "Esbjerg"]
[Date "2003.07.07"]
[Round "4"]
[White "Vovk, Oksana"]
[Black "Bromann, Thorbjorn"]
[Result "1-0"]
[WhiteElo "2107"]
[BlackElo "2360"]
[PlyCount "97"]
[EventDate "2003.07.04"]
[EventType "tourn"]
[EventRounds "9"]
[EventCountry "DEN"]

1. c4 e5 2. Nc3 Nf6 3. Nf3 Nc6 4. e3 Bb4 5. Qc2 O-O 6. Nd5 Re8 7. Qf5 d6 8.
Nxf6+ Qxf6 9. Qxf6 gxf6 10. a3 Bc5 11. b4 Bb6 12. Bb2 f5 13. Be2 a5 14. b5 Ne7
15. d4 Ng6 16. g3 c6 17. dxe5 dxe5 18. O-O f4 19. exf4 exf4 20. Rfe1 Bg4 21.
Kg2 Rad8 22. bxc6 bxc6 23. Bf1 Rxe1 24. Rxe1 f5 25. c5 Bxc5 26. Bc4+ Kf8 27.
Ng5 f3+ 28. Kf1 Be7 29. Ne6+ Ke8 30. Nxd8 Kxd8 31. Re3 f4 32. Rd3+ Kc7 33. gxf4
Bd6 34. Bc3 Nxf4 35. Bxa5+ Kd7 36. Rd2 Bh3+ 37. Ke1 c5 38. Bc3 Kc7 39. Bd5 Bg4
40. Ba5+ Kd7 41. Be4 h5 42. Bb6 Ng2+ 43. Kf1 Ke6 44. Bd5+ Ke7 45. a4 Bxh2 46.
Bxc5+ Kf6 47. a5 h4 48. a6 Bc8 49. Bxf3 1-0

[Event "Vesterhavs B-Gruppe"]
[Site "Esbjerg"]
[Date "2003.07.07"]
[Round "4"]
[White "Kasparov, Sergey"]
[Black "Hunt, Adam"]
[Result "1/2-1/2"]
[WhiteElo "2482"]
[BlackElo "2395"]
[PlyCount "48"]
[EventDate "2003.07.04"]
[EventType "tourn"]
[EventRounds "9"]
[EventCountry "DEN"]

1. g3 g6 2. Bg2 Bg7 3. d4 d6 4. e4 c5 5. dxc5 Qa5+ 6. Bd2 Qxc5 7. Nc3 Nf6 8.
Nge2 O-O 9. O-O Qc7 10. Nf4 Nbd7 11. h3 Nb6 12. b3 e5 13. Nfe2 Be6 14. Bg5 h6
15. Bxf6 Bxf6 16. Kh2 Rac8 17. a4 a6 18. Ra2 Qc5 19. a5 Nd7 20. Qd2 Kh7 21. Na4
Qb5 22. Nac3 Qc5 23. Na4 Qb5 24. Nac3 Qc5 1/2-1/2

[Event "Vesterhavs B-Gruppe"]
[Site "Esbjerg"]
[Date "2003.07.07"]
[Round "4"]
[White "Skytte, Rasmus"]
[Black "Hovmoller, Kristian"]
[Result "1/2-1/2"]
[WhiteElo "2404"]
[BlackElo "2302"]
[PlyCount "39"]
[EventDate "2003.07.04"]
[EventType "tourn"]
[EventRounds "9"]
[EventCountry "DEN"]

1. d4 Nf6 2. Nf3 e6 3. Bf4 c5 4. e3 Qb6 5. Nc3 d5 6. Rb1 Be7 7. dxc5 Qxc5 8.
Bd3 Bd7 9. O-O b5 10. Qe2 a6 11. a3 Nc6 12. Ne5 O-O 13. Qf3 Nxe5 14. Bxe5 Ne8
15. Rfd1 Bf6 16. Qf4 Rd8 17. Be2 Bxe5 18. Qxe5 Qc7 19. Qxc7 Nxc7 20. e4 1/2-1/2

[Event "Vesterhavs B-Gruppe"]
[Site "Esbjerg"]
[Date "2003.07.07"]
[Round "4"]
[White "Pedersen, Christian Kyndel"]
[Black "Berkvens, Joost"]
[Result "1-0"]
[WhiteElo "2271"]
[BlackElo "2459"]
[PlyCount "141"]
[EventDate "2003.07.04"]
[EventType "tourn"]
[EventRounds "9"]
[EventCountry "DEN"]

1. d4 Nf6 2. c4 e6 3. Nf3 d5 4. Nc3 c6 5. Bg5 h6 6. Bxf6 Qxf6 7. e3 Nd7 8. Bd3
dxc4 9. Bxc4 g6 10. O-O Bg7 11. e4 e5 12. dxe5 Nxe5 13. Nxe5 Qxe5 14. Kh1 g5
15. Qb3 O-O 16. a4 Rb8 17. Rfd1 Qf4 18. Kg1 Be5 19. g3 Qf6 20. Rd2 Bg4 21. Be2
Be6 22. Qb4 Rfd8 23. Rad1 Rxd2 24. Rxd2 Rd8 25. Rxd8+ Qxd8 26. Nd1 Qd4 27. Qxb7
Qxe4 28. Ne3 Bd4 29. Qb4 c5 30. Qd2 Bb3 31. Bd1 Be6 32. Bc2 Qf3 33. b3 Bh3 34.
Qd1 Qc6 35. Qe2 Qf6 36. Qd3 Kf8 37. Bd1 Qc6 38. Bg4 Bxg4 39. Nxg4 Qe6 40. Ne3
h5 41. Nc2 Qe5 42. h3 Kg7 43. Qf3 Kg6 44. Kg2 Qf5 45. Ne1 g4 46. hxg4 hxg4 47.
Qd3 Qxd3 48. Nxd3 Kf5 49. f3 Ke6 50. fxg4 Kd5 51. Kf3 c4 52. bxc4+ Kxc4 53. Ke4
f6 54. Nf4 a5 55. Kf5 Kb3 56. Nd5 Kxa4 57. Nxf6 Kb3 58. g5 Be3 59. g6 Bh6 60.
Nd7 Kb4 61. Nb6 Kb5 62. Nd5 Kc4 63. Ke6 a4 64. Nb6+ Kd4 65. Nxa4 Ke4 66. Kf7
Kf3 67. Nc5 Kxg3 68. Ne4+ Kf4 69. Nf6 Kf5 70. Ng8 Bf8 71. Ne7+ 1-0

[Event "Vesterhavs B-Gruppe"]
[Site "Esbjerg"]
[Date "2003.07.08"]
[Round "5"]
[White "Mikkelsen, Nikolaj"]
[Black "Vovk, Oksana"]
[Result "1/2-1/2"]
[WhiteElo "2104"]
[BlackElo "2107"]
[PlyCount "54"]
[EventDate "2003.07.04"]
[EventType "tourn"]
[EventRounds "9"]
[EventCountry "DEN"]

1. e4 e6 2. d4 d5 3. e5 c5 4. c3 Nc6 5. Nf3 Qb6 6. a3 Bd7 7. b4 cxd4 8. cxd4
Rc8 9. Bb2 Na5 10. Nbd2 Nc4 11. Nxc4 dxc4 12. Rc1 a5 13. Nd2 axb4 14. Nxc4 Qd8
15. axb4 b5 16. Nd6+ Bxd6 17. exd6 Nf6 18. Bd3 Nd5 19. Qg4 O-O 20. O-O Qb6 21.
Rc5 Qxd6 22. Bxb5 f5 23. Qe2 Bxb5 24. Rxb5 Qc6 25. f4 Qa6 26. Rf2 Rfe8 27. g3
g6 1/2-1/2

[Event "Vesterhavs B-Gruppe"]
[Site "Esbjerg"]
[Date "2003.07.08"]
[Round "5"]
[White "Hovmoller, Kristian"]
[Black "Hunt, Harriet"]
[Result "1-0"]
[WhiteElo "2302"]
[BlackElo "2402"]
[PlyCount "137"]
[EventDate "2003.07.04"]
[EventType "tourn"]
[EventRounds "9"]
[EventCountry "DEN"]

1. d4 Nf6 2. c4 e6 3. Nc3 Bb4 4. Qc2 O-O 5. a3 Bxc3+ 6. Qxc3 b6 7. Bg5 Ba6 8.
e3 d6 9. Nf3 Nbd7 10. b4 c5 11. Bd3 Rc8 12. dxc5 bxc5 13. b5 Bb7 14. O-O h6 15.
Bh4 Qc7 16. Rfd1 Ba8 17. Bg3 e5 18. Bf5 Rcd8 19. Ra2 Ne4 20. Bxe4 Bxe4 21. Nd2
Ba8 22. f3 f5 23. a4 Rf7 24. Nb3 Nf8 25. Rad2 Rfd7 26. f4 e4 27. Nc1 Ne6 28.
Ne2 Rf8 29. a5 Rfd8 30. Bh4 Rf8 31. Qa1 Qb8 32. Nc3 g5 33. Bg3 gxf4 34. Bxf4
Nxf4 35. exf4 e3 36. Re2 Re7 37. Rd3 Rfe8 38. Nd1 d5 39. cxd5 Qxf4 40. Qf6 Kh7
41. Qc3 Qg4 42. Rexe3 c4 43. Rd4 f4 44. Rxe7+ Rxe7 45. h3 Qe2 46. Nf2 Re3 47.
Qxc4 Qe1+ 48. Qf1 Qxa5 49. Kh2 Qc7 50. d6 Qc3 51. Qb1+ Kg7 52. Rxf4 Qe5 53. Qf5
Qxf5 54. Rxf5 Re6 55. Rc5 Rxd6 56. Rc7+ Kg6 57. Rxa7 Bd5 58. Ra6 Rxa6 59. bxa6
Kg5 60. Nd3 Kf5 61. Nb4 Be4 62. a7 Ke6 63. g4 Kd6 64. h4 Kc5 65. Na2 Kb6 66.
Nc3 Bc6 67. Kg3 Kxa7 68. Kf4 Kb6 69. Ne4 1-0

[Event "Vesterhavs B-Gruppe"]
[Site "Esbjerg"]
[Date "2003.07.08"]
[Round "5"]
[White "Hunt, Adam"]
[Black "Skytte, Rasmus"]
[Result "1-0"]
[WhiteElo "2395"]
[BlackElo "2404"]
[PlyCount "123"]
[EventDate "2003.07.04"]
[EventType "tourn"]
[EventRounds "9"]
[EventCountry "DEN"]

1. e4 g6 2. d4 c6 3. Nc3 d5 4. Nf3 Bg7 5. h3 Nf6 6. Bd3 dxe4 7. Nxe4 Nxe4 8.
Bxe4 Nd7 9. O-O O-O 10. Bg5 Qb6 11. Qd2 Nf6 12. Bd3 Qxb2 13. a4 Qb6 14. a5 Qd8
15. Rfe1 Be6 16. Qb4 Qc7 17. Bh4 Nd5 18. Qa3 Rae8 19. Rab1 Bc8 20. Bc4 Be6 21.
Bd3 Qc8 22. c4 Nf4 23. Bf1 Bf6 24. Bg3 Nh5 25. Bh2 Ng7 26. g4 h6 27. Qb3 b6 28.
axb6 axb6 29. Qxb6 g5 30. Qc5 Qd7 31. Rb6 Rc8 32. Ne5 Bxe5 33. Bxe5 f6 34. Bh2
Rfd8 35. Re4 Kf7 36. Ra6 Ra8 37. Qxc6 Qxc6 38. Rxc6 Ra1 39. d5 Rxd5 40. cxd5
Bxd5 41. Rec4 Bxc4 42. Rxc4 h5 43. Kg2 hxg4 44. hxg4 Ra7 45. Rc8 Rd7 46. Bc4+
Kg6 47. Rc7 Rd4 48. f3 Ne8 49. Rxe7 Rxc4 50. Rxe8 Rc2+ 51. Kg1 Kf7 52. Rb8 Rc3
53. Rb7+ Kg6 54. Kg2 Rc2+ 55. Kg3 Rc1 56. Rb2 Rd1 57. Kg2 Rd3 58. Bg1 Rd6 59.
Rb6 Rd2+ 60. Bf2 Rd1 61. Bc5 Rd7 62. Rd6 1-0

[Event "Vesterhavs B-Gruppe"]
[Site "Esbjerg"]
[Date "2003.07.08"]
[Round "5"]
[White "Berkvens, Joost"]
[Black "Kasparov, Sergey"]
[Result "0-1"]
[WhiteElo "2459"]
[BlackElo "2482"]
[PlyCount "76"]
[EventDate "2003.07.04"]
[EventType "tourn"]
[EventRounds "9"]
[EventCountry "DEN"]

1. d4 Nf6 2. Nf3 c5 3. d5 d6 4. Nc3 g6 5. e4 Bg7 6. Be2 O-O 7. O-O e6 8. Nd2
exd5 9. exd5 Nbd7 10. Nc4 Nb6 11. Ne3 Ne8 12. a4 f5 13. a5 Nd7 14. f4 Ndf6 15.
Bf3 Nc7 16. Qd3 Rb8 17. Bd2 b5 18. axb6 axb6 19. Ra7 b5 20. b4 c4 21. Qe2 Re8
22. Qf2 Re7 23. Ne2 Qe8 24. c3 Bb7 25. h3 Ne4 26. Bxe4 Rxe4 27. Re1 Qf7 28. Ng3
Re7 29. Qf3 Bxd5 30. Nxd5 Nxd5 31. Rexe7 Nxe7 32. Qe3 Bf6 33. Ne2 Re8 34. Nd4
Bxd4 35. Qxd4 Nc6 36. Rxf7 Nxd4 37. Rd7 Nb3 38. Rxd6 Re2 0-1

[Event "Vesterhavs B-Gruppe"]
[Site "Esbjerg"]
[Date "2003.07.08"]
[Round "5"]
[White "Bromann, Thorbjorn"]
[Black "Pedersen, Christian Kyndel"]
[Result "1-0"]
[WhiteElo "2360"]
[BlackElo "2271"]
[PlyCount "73"]
[EventDate "2003.07.04"]
[EventType "tourn"]
[EventRounds "9"]
[EventCountry "DEN"]

1. d4 Nf6 2. Nc3 d5 3. Bg5 e6 4. e4 dxe4 5. Nxe4 Be7 6. Bxf6 gxf6 7. Nf3 b6 8.
Bb5+ c6 9. Bd3 Nd7 10. Qe2 Qc7 11. O-O Nf8 12. c4 Ng6 13. g3 Bb7 14. c5 f5 15.
Ned2 bxc5 16. dxc5 O-O 17. b4 a5 18. a3 Bf6 19. Rab1 axb4 20. axb4 Rfd8 21. Bc4
e5 22. Ne1 e4 23. f4 Bc3 24. Nb3 Bxb4 25. Nc2 Bc3 26. Qh5 Bc8 27. g4 Bf6 28.
gxf5 Nh4 29. Ne3 Kh8 30. Kh1 Rg8 31. Rg1 Nf3 32. Rxg8+ Kxg8 33. Ng4 Bg7 34. f6
Ra2 35. Rd1 Bxg4 36. Rd8+ Bf8 37. Qxg4+ 1-0